[Event "Titled Tuesday intern op 07th Dec"]
[Site "Chess.com INT"]
[Date "2021.12.07"]
[Round "7"]
[White "Diaz Camallonga, Carles"]
[Black "Aldokhin, Ivan"]
[Result "1-0"]
[WhiteElo "2463"]
[BlackElo "2413"]
[PlyCount "71"]
[EventDate "2021.12.07"]
[EventType "swiss (blitz)"]
[EventRounds "11"]
[EventCountry "USA"]
[SourceTitle "CBM 205 Extra"]
[Source "ChessBase"]
[SourceDate "2022.01.31"]
[SourceVersion "1"]
[SourceVersionDate "2022.01.31"]
[SourceQuality "1"]

1. d4 Nf6 2. Nf3 g6 3. Nbd2 Bg7 4. e4 d6 5. Bb5+ c6 6. Bd3 0-0 7. 0-0 Nbd7 8. h3 a6 9. a4 b6 10. e5 Nd5 11. Re1 dxe5 12. dxe5 Nc5 13. Bf1 Qc7 14. c3 Rd8 15. Qe2 Nf4 16. Qe3 Nfd3 17. Bxd3 Nxd3 18. Re2 c5 19. Nc4 Bb7 20. e6 f5 21. a5 b5 22. Nb6 f4 23. Nxa8 Bxa8 24. Qd2 Bxf3 25. gxf3 Qc6 26. Re4 Qd5 27. Qe2 Qf5 28. Kh2 c4 29. Bd2 Rd5 30. Rg1 Qh5 31. Rg4 Qf5 32. Kg2 h5 33. Rgxf4 Nxf4+ 34. Bxf4 Rd3 35. Be3 g5 36. Bc1 1-0